| 000 | 00544nam a2200181Ia 4500 | ||
|---|---|---|---|
| 005 | 20250326123914.0 | ||
| 008 | 250326s9999 xx 000 0 und d | ||
| 037 | _aTextbook | ||
| 040 |
_aFMSL _beng _cFMSL |
||
| 041 |
_aeng _2eng |
||
| 084 |
_aS80bX:8 K7;8 _qFMSL |
||
| 100 |
_aBaumgartel H _9512064 |
||
| 245 | 0 |
_aReadings in group development for managers and trainers _cBaumgartel H; Bennis W G |
|
| 260 |
_aNew Delhi _bNew Delhi, Asia _c1967 |
||
| 300 | _a590p | ||
| 942 |
_cTB _hS80bX:8 K7;8 |
||
| 999 |
_c1271411 _d1271411 |
||